Freethinkers : (Record no. 1456)

000 -LEADER
fixed length control field 01373nam a22003737a 4500
001 - CONTROL NUMBER
control field 13270273
003 - CONTROL NUMBER IDENTIFIER
control field OSt
005 - DATE AND TIME OF LATEST TRANSACTION
control field 20210426064032.0
008 - FIXED-LENGTH DATA ELEMENTS--GENERAL INFORMATION
fixed length control field 030711s2004 nyua b 001 0 eng
010 ## - LIBRARY OF CONGRESS CONTROL NUMBER
LC control number 2003059294
020 ## - INTERNATIONAL STANDARD BOOK NUMBER
International Standard Book Number 0805074422
040 ## - CATALOGING SOURCE
Original cataloging agency DLC
Transcribing agency DLC
Modifying agency DLC
042 ## - AUTHENTICATION CODE
Authentication code pcc
043 ## - GEOGRAPHIC AREA CODE
Geographic area code n-us---
050 00 - LIBRARY OF CONGRESS CALL NUMBER
Classification number BL2760
Item number .J33 2004
080 ## - UNIVERSAL DECIMAL CLASSIFICATION NUMBER
Universal Decimal Classification number 94
Item number J-13
082 00 - DEWEY DECIMAL CLASSIFICATION NUMBER
Classification number 211/.4/0973
Edition number 22
100 1# - MAIN ENTRY--PERSONAL NAME
Personal name Jacoby, Susan,
Dates associated with a name 1945-
245 10 - TITLE STATEMENT
Title Freethinkers :
Remainder of title a history of American secularism /
Statement of responsibility, etc. Susan Jacoby.
250 ## - EDITION STATEMENT
Edition statement 1st ed.
260 ## - PUBLICATION, DISTRIBUTION, ETC.
Place of publication, distribution, etc. New York :
Name of publisher, distributor, etc. Metropolitan Books,
Date of publication, distribution, etc. 2004.
300 ## - PHYSICAL DESCRIPTION
Extent 417 p. :
Other physical details ill. ;
Dimensions 25 cm.
365 ## - TRADE PRICE
Price type code 27.50 USD
504 ## - BIBLIOGRAPHY, ETC. NOTE
Bibliography, etc. note Includes bibliographical references (p. 389-397) and index.
650 #0 - SUBJECT ADDED ENTRY--TOPICAL TERM
Topical term or geographic name entry element Secularism
Geographic subdivision United States
General subdivision History.
650 #0 - SUBJECT ADDED ENTRY--TOPICAL TERM
Topical term or geographic name entry element Freethinkers
Geographic subdivision United States
General subdivision History.
653 ## - INDEX TERM--UNCONTROLLED
Uncontrolled term ისტორია
856 42 - ELECTRONIC LOCATION AND ACCESS
Materials specified Contributor biographical information
Uniform Resource Identifier <a href="http://www.loc.gov/catdir/bios/hol054/2003059294.html">http://www.loc.gov/catdir/bios/hol054/2003059294.html</a>
856 41 - ELECTRONIC LOCATION AND ACCESS
Materials specified Sample text
Uniform Resource Identifier <a href="http://www.loc.gov/catdir/samples/hol041/2003059294.html">http://www.loc.gov/catdir/samples/hol041/2003059294.html</a>
856 42 - ELECTRONIC LOCATION AND ACCESS
Materials specified Publisher description
Uniform Resource Identifier <a href="http://www.loc.gov/catdir/description/hol041/2003059294.html">http://www.loc.gov/catdir/description/hol041/2003059294.html</a>
906 ## - LOCAL DATA ELEMENT F, LDF (RLIN)
a 7
b cbc
c orignew
d 1
e ocip
f 20
g y-gencatlg
942 ## - ADDED ENTRY ELEMENTS (KOHA)
Source of classification or shelving scheme
Koha item type Books
Holdings
Withdrawn status Lost status Source of classification or shelving scheme Damaged status Not for loan Permanent location Current location Date acquired Inventory number Total Checkouts Full call number Barcode Date last seen Price effective from Koha item type
          Ken Walker International University Ken Walker International University 02/16/2021 1288   94 J-13 1288 02/16/2021 02/16/2021 Books

Powered by Koha